000 00794nac a22002537a 4500
001 BR8800422
003 BR-BrBNA
005 20240105120701.0
008 230509b bl.|||m| |||| 00| 0 por d
040 _aBR-BrBNA
_bpor
_cBiblioteca Nacional de Agricultura
072 _aL01; E70
090 _a9610 BR8800422
110 1 _aAssociacao Paulista de Avicultura, Sao Paulo, SP (Brasil)
_9727
245 1 _aRelatorio mensal - Associacao Paulista de Avicultura
260 3 _aSao Paulo, SP (Brasil):
_c1987.
300 _a31 p.
490 _aRelatorio Mensal - Associacao Paulista de Avicultura (Brazil)
_vv. 3(9)
_x
500 _a15 tables
650 _aOVO
650 _aPRODUCAO
650 _aCOMERCIALIZACAO
909 _a202312
_bLúcia Elande
_c55
_dLúcia Elande
942 _2AGRIS
_n0
_cMS
999 _c280875
_d280875